Statistics for Game of Thrones Super Quiz 2

Click here to take the quiz!

General Stats

  • This quiz has been taken 1,565 times
  • The average score is 8 of 15

Answer Stats

HintAnswer% Correct
What is the Bastard surname in Dorne?Sand
88%
What is Theon Greyjoy's new name after his prolonged torture?Reek
86%
Who killed Oberyn Martell's sister?Gregor Clegane
83%
What was the punishment for abandoning the Nights Watch?Death
81%
What is Brienne of Tarth's Valyrian Steel Sword called?Oathkeeper
77%
What is the motto of House Tyrell?Growing strong
66%
Which of the Gods do the Iron Islanders worship?The Drowned God
66%
Who was Theon Greyjoy's torturer?Ramsay Snow
64%
What melted the stone at Harenhal?Dragonfire
59%
What was Tyrions weapon of choice against the Baratheon Attackers?War Axe
48%
What does Tyrion Lannister commonly do when walking around the Red Keep?Whistle
21%
What was Maude's (The Jailer of the Skycells,The Eyrie) main saying?No Gold
14%
What do the Dothraki have an abundance of?Grass and Horses
12%
What is the only way in to the Eyrie?Bloodgate
8%
What does Arya Stark do before she sleeps at night?Death list
7%

Score Distribution

Percentile by Number Answered

Percent of People with Each Score

Your Score History

You have not taken this quiz